Statistics for When I'm 64 Lyrics Quiz

Click here to take the quiz!

General Stats

  • This quiz has been taken 7,806 times
    (7,798 since last reset)
  • The average score is 18 of 29

Answer Stats

Lyrics% Correct
When I'm {sixty}-{four}?
97%
Many years {from} {now}
94%
Will you still {need} {me}
91%
Will you still {feed} {me}
87%
Will you still be sending me a {valentine}
86%
Birthday greetings, {bottle} {of} {wine}?
86%
Who could ask {for} {more}?
80%
When I get older {losing} {my} {hair}
79%
would you {lock} {the} {door}?
75%
If I'd been out till {quarter} {to} {three}
73%
You can knit a sweater by the {fireside}
68%
Sunday mornings, {go} {for} {a} {ride}
66%
Every summer we can rent a {cottage} on the
60%
Stating {point} {of} {view}
56%
You'll be {older} {too}
56%
I could stay {with} {you}
55%
Doing the garden, digging the {weeds}
55%
I could be handy mending {a} {fuse}
55%
Yours sincerely, {wasting} {away}
54%
Send me a postcard, {drop} {me} {a} {line}
54%
{Isle} {of} {Wight}, if it's not too dear
53%
Indicate precisely what you {mean} {to} {say}
53%
{Grandchildren} on your knee
51%
And if you say {the} {word}
49%
Mine {forevermore}
48%
{Vera}, {Chuck}, {and} {Dave}
41%
when your lights {have} {gone}
40%
We shall {scrimp} {and} {save}
39%
Give me your answer, {fill} {in} {a} {form}
26%

Score Distribution

Percentile by Number Answered

Percent of People with Each Score

Your Score History

You have not taken this quiz since the last reset